Biggest -burg cities - Statistics

General Stats
  • This quiz has been taken 139 times
  • The average score is 8 of 16
Answer Stats
Population Country City % Correct
5,3 million Russia Saint Petersburg
98%
260,000 United States St. Petersburg, Florida
98%
960,000 South Africa Johannesburg
92%
1,8 million Germany Hamburg
90%
520,000 Sweden Gothenburg
72%
470,000 United Kingdom Edinburgh
62%
280,000 France Strasbourg
61%
1,5 million Russia Yekaterinburg
54%
300,000 United States Pittsburgh
53%
490,000 Germany Duisburg
24%
230,000 Germany Freiburg
22%
290,000 Germany Augsburg
19%
230,000 Germany Magdeburg
16%
560,000 Russia Orenburg
16%
210,000 Netherlands Tilburg
16%
220,000 South Africa Pietermaritzburg
10%
No matching quizzes found
Score Distribution
Percent of People with Each Score
Percentile by Number Answered
Your Score History
You have not taken this quiz